000
00332nam a2200145Ia 4500
005
20251222144901.0
008
251222s9999||||xx |||||||||||||| ||spa||
020
_a
9789877390155
082
_a
823.914/R84
100
_a
Rosnay, Tatiana de
245
0
_a
Tinta Rusa
250
_a
1ra.ed.
264
_b
Suma de Letras
942
_c
LIB
999
_c
21986
_d
21986